ბათუმის შოთა რუსთაველის სახელმწიფო უნივერსიტეტის ბიბლიოთეკა

ამპელოგრაფია (ბიბ.ჩანაწერი № 44590)

000 -ლიდერი
ფიქსირებული სიგრძის საკონტროლო ველი 01076nam a2200229Ia 4500
001 - საკონტროლო ნომერი
საკონტროლო ველი 11393
003 - საკონტროლო ნომრის იდენტიფიკატორი
საკონტროლო ველი GE_BSU
005 - ბოლო ოპერაციის თარიღი და დრო
საკონტროლო ველი 20241008100842.0
008 - ფიქსირებული სიგრძის მონაცემთა ელემენტები - ზოგადი ინფორმაცია
ფიქსირებული სიგრძის საკონტროლო ველი 181216s1970||||ge |||||||||||||| ||geo||
040 ## - კატალოგიზაციის წყარო
Transcribing agency GE_BSU
041 ## - ენის კოდი
Language code of text/sound track or separate title geo
080 ## - უნივერსალური ათობითი კლასიფიკაციის ინდექსი
Universal Decimal Classification number 634.84(075.8) რ-21
100 ## - მთავარი ჩანაწერი - პიროვნების სახელი
Personal name რამიშვილი, მ.
9 (RLIN) 9426
245 ## - ცნობა სათაურის შესახებ
Title ამპელოგრაფია
Remainder of title სახელმძღვ. სას-სამ. ინ-ტის სტუდენტებისათვის /
Statement of responsibility, etc მ. რამიშვილი, რედ. ნ. ნარსია
264 ## - წარმოების, გამოცემის, დისტრიბუციის და სხვა ცნობები
გამოცემის, წარმოების, დისტრიბუციის... ადგილი თბილისი:
გამოცემის, წარმოების, დისტრიბუციის... სახელწოდება განათლება,
გამოცემის, წარმოების, დისტრიბუციის... თარიღი 1970.
300 ## - ფიზიკური აღწერა
Extent 606 გვ.:
Other physical details 24 სმ.
501 ## - შენიშვნა თანმხლებ მასალაზე
With note ილ.საძიებელი გვ.587
653 ## - INDEX TERM--UNCONTROLLED
Uncontrolled term ამპელოგრაფია
653 ## - INDEX TERM--UNCONTROLLED
Uncontrolled term ამპელოგრაფია -- სახელმძღვანელოები უმაღლესი სასწავლებლებისათვის.
700 ## - ADDED ENTRY--PERSONAL NAME
Personal name ნარსია, ნ
Relator term რედაქტორი
9 (RLIN) 23334
942 ## - ADDED ENTRY ELEMENTS (KOHA)
Koha item type წიგნი
Source of classification or shelving scheme
ეგზემპლარები
ჩამოწერის სტატუსი დაკარგული ეგზემპლარის სტატუსი კლასიფიკაციის წყარო ან თაროზე გაწყობის სქემა დაზიანების სტატუსი არ გაიცემა მუდმივი მდებარეობა (დაცვის ადგილი) ამჟამინდელი ადგილსამყოფელი თაროზე განთავსების ადგილი შეძენის თარიღი სრული შენახვის შიფრი შტრიხკოდი ბოლო ოპერაციის თარიღი ეგზემპლარის მიმდევრობითი ნომერი (კეტერი?) ფასის ძალაში შესვლის თარიღი ეგზემპლარის სახეობა ღირებულება, შესყიდვის ნორმალური ფასი Uniform Resource Identifier საჯარო შენიშვნა
          ბათუმის შოთა რუსთაველის სახელმწიფო უნივერსიტეტის მთავარი ბიბლიოთეკა აგრარული და მემბრანული ტექნოლოგიების ინსტიტუტის ბიბლიოთეკა წიგნსაცავი 2018-12-17 634.84(075.8) რ-21 19863 2018-12-17 19863 2018-12-17 წიგნი      
          ბათუმის შოთა რუსთაველის სახელმწიფო უნივერსიტეტის მთავარი ბიბლიოთეკა აგრარული და მემბრანული ტექნოლოგიების ინსტიტუტის ბიბლიოთეკა   2018-12-17 634.84(075.8) რ-21 19864 2018-12-17 19864 2018-12-17 წიგნი      
          ბათუმის შოთა რუსთაველის სახელმწიფო უნივერსიტეტის მთავარი ბიბლიოთეკა აგრარული და მემბრანული ტექნოლოგიების ინსტიტუტის ბიბლიოთეკა   2018-12-17 634.84(075.8) რ-21 19865 2018-12-17 19865 2018-12-17 წიგნი      
          ბათუმის შოთა რუსთაველის სახელმწიფო უნივერსიტეტის მთავარი ბიბლიოთეკა აგრარული და მემბრანული ტექნოლოგიების ინსტიტუტის ბიბლიოთეკა   2018-12-17 634.84(075.8) რ-21 19866 2018-12-17 19866 2018-12-17 წიგნი      
          ბათუმის შოთა რუსთაველის სახელმწიფო უნივერსიტეტის მთავარი ბიბლიოთეკა ბათუმის შოთა რუსთაველის სახელმწიფო უნივერსიტეტის მთავარი ბიბლიოთეკა წიგნსაცავი 2024-10-08 634.84(075.8) რ-21 69172 2024-10-08 69172 2024-10-08 წიგნი 10.00 ნაჩუქარი 10.00